चिरंतन गुरु : स्वामी चिन्मयानंदांचे स्फूर्तीदायक चरित्र (Record no. 435770)

MARC details
000 -LEADER
fixed length control field 00852nam a2200157Ia 4500
008 - FIXED-LENGTH DATA ELEMENTS--GENERAL INFORMATION
fixed length control field 100122s9999 xx 000 0 und d
082 ## - DEWEY DECIMAL CLASSIFICATION NUMBER
Item number 60628
Classification number 922.945
100 ## - MAIN ENTRY--PERSONAL NAME
Personal name चिन्मयानंद
245 ## - TITLE STATEMENT
Title चिरंतन गुरु : स्वामी चिन्मयानंदांचे स्फूर्तीदायक चरित्र
260 ## - PUBLICATION, DISTRIBUTION, ETC. (IMPRINT)
Name of publisher, distributor, etc चिन्मय मिशन
Date of publication, distribution, etc 2001
300 ## - PHYSICAL DESCRIPTION
Extent 98
630 ## - SUBJECT ADDED ENTRY--UNIFORM TITLE
Uniform title चिरंतन गुरु : स्वामी चिन्मयानंदांचे स्फूर्तीदायक चरित्र
700 ## - ADDED ENTRY--PERSONAL NAME
Personal name राधिका कृष्णकुमार
730 ## - ADDED ENTRY--UNIFORM TITLE
Uniform title चिरंतन गुरु : स्वामी चिन्मयानंदांचे स्फूर्तीदायक चरित्र
942 ## - ADDED ENTRY ELEMENTS (KOHA)
Koha item type Book
Holdings
Withdrawn status Lost status Damaged status Not for loan Home library Current library Date acquired Cost, normal purchase price Total Checkouts Full call number Barcode Date last seen Cost, replacement price Price effective from Koha item type Public note
        S.V. Pathak Library, Vile Parle S.V. Pathak Library, Vile Parle 12/20/2001 65.00   60628 SVPPARLE-60628 01/25/2010 65.00 01/25/2010 Book General NA